平成に消滅・改称した秋田県の市町村 - Statistics

General Stats
  • This quiz has been taken 34 times
  • The average score is 49 of 57
Answer Stats
変更年月日 変更内容 回答 変更後の市町村 % Correct
2004.11/01 新設合併 仙南村 美郷町
100%
2005.03/22 新設合併 男鹿市 男鹿市
100%
2005.03/22 新設合併 湯沢市 湯沢市
100%
2005.03/22 新設合併 本荘市 由利本荘市
100%
2005.03/22 新設合併 昭和町 潟上市
100%
2005.03/22 新設合併 飯田川町 潟上市
100%
2005.03/22 新設合併 中仙町 大仙市
100%
2005.03/22 新設合併 仙北町 大仙市
100%
2005.03/22 新設合併 鷹巣町 北秋田市
100%
2005.09/20 新設合併 角館町 仙北市
100%
2005.09/20 新設合併 田沢湖町 仙北市
100%
2005.10/01 新設合併 横手市 横手市
100%
2005.10/01 新設合併 十文字町 横手市
100%
2005.10/01 新設合併 仁賀保町 にかほ市
100%
2005.10/01 新設合併 金浦町 にかほ市
100%
2005.10/01 新設合併 象潟町 にかほ市
100%
2006.03/21 新設合併 能代市 能代市
100%
2006.03/21 新設合併 二ツ井町 能代市
100%
2006.03/27 新設合併 峰浜村 八峰町
100%
2005.03/22 新設合併 若美町 男鹿市
92%
2005.03/22 新設合併 稲川町 湯沢市
92%
2005.03/22 新設合併 矢島町 由利本荘市
92%
2005.03/22 新設合併 東由利町 由利本荘市
92%
2005.03/22 新設合併 大曲市 大仙市
92%
2005.03/22 新設合併 阿仁町 北秋田市
92%
2005.03/22 新設合併 合川町 北秋田市
92%
2006.03/20 新設合併 八竜町 三種町
92%
2006.03/27 新設合併 八森町 八峰町
92%
2004.11/01 新設合併 六郷町 美郷町
85%
2005.03/22 新設合併 皆瀬村 湯沢市
85%
2005.03/22 新設合併 由利町 由利本荘市
85%
2005.01/11 編入合併 河辺町 秋田市
77%
2005.01/11 編入合併 雄和町 秋田市
77%
2005.03/22 新設合併 雄勝町 湯沢市
77%
2005.03/22 新設合併 西目町 由利本荘市
77%
2005.03/22 新設合併 鳥海町 由利本荘市
77%
2005.03/22 新設合併 天王町 潟上市
77%
2005.03/22 新設合併 西仙北町 大仙市
77%
2005.03/22 新設合併 協和町 大仙市
77%
2005.06/20 編入合併 比内町 大館市
77%
2005.06/20 編入合併 田代町 大館市
77%
2005.10/01 新設合併 増田町 横手市
77%
2005.10/01 新設合併 雄物川町 横手市
77%
2005.10/01 新設合併 山内村 横手市
77%
2006.03/20 新設合併 琴丘町 三種町
77%
2006.03/20 新設合併 山本町 三種町
77%
2004.11/01 新設合併 千畑町 美郷町
69%
2005.03/22 新設合併 岩城町 由利本荘市
69%
2005.03/22 新設合併 大内町 由利本荘市
69%
2005.03/22 新設合併 神岡町 大仙市
69%
2005.03/22 新設合併 南外村 大仙市
69%
2005.03/22 新設合併 太田町 大仙市
69%
2005.03/22 新設合併 森吉町 北秋田市
69%
2005.09/20 新設合併 西木村 仙北市
69%
2005.10/01 新設合併 平鹿町 横手市
69%
2005.10/01 新設合併 大森町 横手市
69%
2005.10/01 新設合併 大雄村 横手市
69%
No matching quizzes found
Score Distribution
Percent of People with Each Score
Percentile by Number Answered
Your Score History
You have not taken this quiz